00631nam a22001817a 450000500170000000800410001704100080005808200230006610000290008924500120011826000520013030000090018250000250019150000150021694200070023199900190023895201920025720250424122256.0250424b |||||||| |||| 00| 0 eng d amar a891.46bSAH B22575 aSahastrabuddhe A9115215 aAhinkul aPunebBharatiya Vichar Sadhana Prakashan c1986 a246p aMarathi Literature  aLiterature cBK c365952d365952 00102ddc4070aHIMRbHIMRd2025-03-17eBharatiya Vichar Sadhana Foundation g260.00iHO/IN/579o891.46 SAH B22575pHIMR-BK-22575r2025-04-24 00:00:00t30v182.00w2025-03-11yBKzB22575